000 00591nam a2200217 a 4500
001 74630
003 BD-RjUL
005 20211209082600.0
008 181108s1968 n ||||| |||| 00| 0 eng d
035 _a(BD-RjUL)74848
040 _aBD-RjUL
_beng
_cBD-RjUL
041 _aeng
082 _223
_a610.73
_bDRN 1968
100 1 _4Dryden, M. Virginia
245 _aNursing trands /
_cVirginia Dryden, M.
260 _aDubuque :
_bWM. C. Brown co. ,
_cc1968
300 _a327 p. ;
_c22 cm
490 _aNursing Reading Series
650 _a Nursing
_zUnited States.
_9224733
942 _2ddc
_cBK
999 _c74630
_d74630